000 00801nam a22002057a 4500
999 _c274161
_d274161
008 201130b ||||| |||| 00| 0 eng d
040 _bger
_cDE-2950
_erda
_aDE-2950
041 _ager
100 _aSandow, Karin:
245 _aMünchnerin auf Spurensuche.
_bGeschichte: Seit ihrer Flucht aus der Stadt 1945 hat Charlotte Rohde-Holfelder zum ersten Mal wieder ihre Geburtsstadt Frankfurt (Oder) besucht.
_cKarin Sandow
264 _c2021
653 _aFrankfurt (Oder)
653 _aGeburtsstadt
653 _aRohde-Holfelder, Charlotte
773 _dFrankfurt (Oder): Märkisches Verlags- und Druckhaus GmbH & Co KG
_g32. Jahrgang (2021) Nr. 164 vom 17./18.07.2021, S.19. : Foto
_tMärkische Oderzeitung
942 _cA